Suspension of in-person peer relationships among adolescents during the french lockdown of spring 2020 and adolescent suicidal behavior: clinical cases (notice n° 1746960)
[ vue normale ]
| 000 -LEADER | |
|---|---|
| fixed length control field | 02098cam a2200205 4500500 |
| 005 - DATE AND TIME OF LATEST TRANSACTION | |
| control field | 20260322005246.0 |
| 041 ## - LANGUAGE CODE | |
| Language code of text/sound track or separate title | fre |
| 042 ## - AUTHENTICATION CODE | |
| Authentication code | dc |
| 100 10 - MAIN ENTRY--PERSONAL NAME | |
| Personal name | Lenglart, Clara |
| Relator term | author |
| 245 00 - TITLE STATEMENT | |
| Title | Suspension of in-person peer relationships among adolescents during the french lockdown of spring 2020 and adolescent suicidal behavior: clinical cases |
| 260 ## - PUBLICATION, DISTRIBUTION, ETC. | |
| Date of publication, distribution, etc. | 2025.<br/> |
| 500 ## - GENERAL NOTE | |
| General note | 34 |
| 520 ## - SUMMARY, ETC. | |
| Summary, etc. | Adolescence involves a progressive distancing from attachment figures to support the process of separation and individuation, making it a period of psychological vulnerability to suicidal behavior. Quality peer relationships serve as protective factors. However, the strict lockdown implemented from March to May 2020 for health reasons led to a total suspension of in-person peer interactions and a forced return to the family setting. This study explores the experience of that suspension among adolescents who attempted suicide following the lockdown. We conducted face-to-face, semi-structured exploratory interviews using the Interpretative Phenomenological Analysis (IPA) qualitative methodology with three adolescent girls aged 15 and 16. An ambivalent experience of the first lockdown was evident. Pre-existing psychological distress appeared to have been exacerbated. Lastly, digital social networks seemed to offer an ineffective substitute for peer relationships. In the current context of a documented resurgence in suicide attempts among adolescent girls, with etiological factors still unidentified, a qualitative exploration appears relevant. However, recruitment and data collection specificities in this domain suggest extending inclusion criteria over time and targeting optimal moments for data collection. |
| 700 10 - ADDED ENTRY--PERSONAL NAME | |
| Personal name | Fournier, Julie |
| Relator term | author |
| 700 10 - ADDED ENTRY--PERSONAL NAME | |
| Personal name | Chaste, Pauline |
| Relator term | author |
| 700 10 - ADDED ENTRY--PERSONAL NAME | |
| Personal name | Jollant, Fabrice |
| Relator term | author |
| 700 10 - ADDED ENTRY--PERSONAL NAME | |
| Personal name | Piot, Marie-Aude |
| Relator term | author |
| 786 0# - DATA SOURCE ENTRY | |
| Note | La psychiatrie de l’enfant | 68 | 2 | 2025-10-03 | p. 239-258 | 0079-726X |
| 856 41 - ELECTRONIC LOCATION AND ACCESS | |
| Uniform Resource Identifier | <a href="https://shs.cairn.info/journal-la-psychiatrie-de-lenfant-2025-2-page-239?lang=en&redirect-ssocas=7080">https://shs.cairn.info/journal-la-psychiatrie-de-lenfant-2025-2-page-239?lang=en&redirect-ssocas=7080</a> |
Pas d'exemplaire disponible.




Réseaux sociaux